000 00443nam a2200181Ia 4500
003 GCL
008 140319s9999 xx 000 0 eng d
040 _aGCL /
_cGCL
082 0 4 _a709
_bM L
100 1 _aMARTIN, HENRY
245 1 0 _aL'ART INDIEN ET L'ART CHINOIS /
_cMARTIN, HENRY
260 _a[S.N] :
_bFLAMMARION ،
_c1928
300 _a63 P
650 0 4 _aARTS
650 0 4 _aARTS, CHINESE
650 0 4 _aINDIA - ARTS
942 _2ddc
_cBK
999 _c15460
_d15460